[Event "World Chess Olympiad 2018"]
[Site "Batumi"]
[Date "2018.10.03"]
[Round "9"]
[Board "2"]
[WhiteFideId "14700727"]
[White "Khusenkhojaev Mustafokhuja"]
[BlackFideId "3203824"]
[Black "Song Raymond"]
[Result "0-1"]
[LiveChessVersion "1.4.8"]
[BlackElo "2305"]
[WhiteElo "2229"]

1. d4 {[%clk 1:30:57]} d6 {[%clk 1:30:57]} 2. Nf3 {[%clk 1:31:19]} Nf6
{[%clk 1:31:21]} 3. c4 {[%clk 1:31:38]} g6 {[%clk 1:31:47]} 4. Nc3
{[%clk 1:31:56]} Bf5 {[%clk 1:32:12]} 5. g3 {[%clk 1:32:07]} Ne4 {[%clk 1:32:32]}
6. Nxe4 {[%clk 1:31:15]} Bxe4 {[%clk 1:32:55]} 7. Bh3 {[%clk 1:31:40]} Bg7
{[%clk 1:33:21]} 8. O-O {[%clk 1:31:57]} Bxf3 {[%clk 1:33:48]} 9. exf3
{[%clk 1:32:21]} d5 {[%clk 1:34:16]} 10. Qb3 {[%clk 1:19:34]} Nc6
{[%clk 1:34:41]} 11. Qxb7 {[%clk 1:11:19]} Nxd4 {[%clk 1:35:09]} 12. cxd5
{[%clk 1:04:43]} O-O {[%clk 1:33:48]} 13. Be3 {[%clk 0:52:06]} Rb8
{[%clk 1:23:59]} 14. Qxa7 {[%clk 0:50:24]} Qxd5 {[%clk 1:24:21]} 15. Bxd4
{[%clk 0:50:05]} Bxd4 {[%clk 1:24:43]} 16. Qxc7 {[%clk 0:49:53]} Rxb2
{[%clk 1:24:35]} 17. Bg2 {[%clk 0:41:05]} Bxf2+ {[%clk 1:25:01]} 18. Kh1
{[%clk 0:40:48]} Qd2 {[%clk 1:25:29]} 19. Qc1 {[%clk 0:32:08]} Rd8
{[%clk 1:16:06]} 20. Rd1 {[%clk 0:31:50]} Qxd1+ {[%clk 1:16:30]} 21. Qxd1
{[%clk 0:32:16]} Rxd1+ {[%clk 1:16:57]} 22. Rxd1 {[%clk 0:32:38]} Rxa2
{[%clk 1:17:26]} 23. Bf1 {[%clk 0:29:15]} e6 {[%clk 1:17:43]} 24. Bc4
{[%clk 0:29:31]} Rc2 {[%clk 1:18:07]} 25. Bd3 {[%clk 0:29:46]} Rb2
{[%clk 1:18:33]} 26. Rc1 {[%clk 0:29:31]} Rb3 {[%clk 1:17:04]} 27. Be2
{[%clk 0:29:10]} Kg7 {[%clk 1:17:19]} 28. Kg2 {[%clk 0:29:02]} Be3
{[%clk 1:17:42]} 29. Rc2 {[%clk 0:28:37]} Rb1 {[%clk 1:17:34]} 30. Rc3
{[%clk 0:26:19]} Bb6 {[%clk 1:17:55]} 31. Rc2 {[%clk 0:26:25]} Rg1+
{[%clk 1:17:44]} 32. Kh3 {[%clk 0:26:53]} Rb1 {[%clk 1:17:38]} 33. Kg2
{[%clk 0:27:18]} h5 {[%clk 1:18:01]} 34. f4 {[%clk 0:24:00]} Rg1+
{[%clk 1:18:01]} 35. Kf3 {[%clk 0:24:09]} Rb1 {[%clk 1:17:37]} 36. Kg2
{[%clk 0:22:25]} Rb4 {[%clk 1:17:51]} 37. Kf3 {[%clk 0:22:18]} Kf6
{[%clk 1:17:15]} 38. Bc4 {[%clk 0:22:24]} Bg1 {[%clk 1:17:07]} 39. Kg2
{[%clk 0:22:28]} Bd4 {[%clk 1:17:02]} 40. Be2 {[%clk 0:52:38]} Bb6
{[%clk 1:46:56]} 41. h4 {[%clk 0:49:18]} Rb3 {[%clk 1:45:42]} 42. Bf3
{[%clk 0:46:37]} Rb1 {[%clk 1:45:17]} 43. Re2 {[%clk 0:46:40]} Rb3
{[%clk 1:44:10]} 44. Rc2 {[%clk 0:44:45]} Bd4 {[%clk 1:44:25]} 45. Rd2
{[%clk 0:44:37]} Bc3 {[%clk 1:44:24]} 46. Re2 {[%clk 0:44:44]} Ra3
{[%clk 1:44:45]} 47. Re3 {[%clk 0:44:32]} Ra2+ {[%clk 1:44:26]} 48. Re2
{[%clk 0:44:48]} Ra1 {[%clk 1:44:47]} 49. Rc2 {[%clk 0:45:10]} Bd4
{[%clk 1:44:46]} 50. Rd2 {[%clk 0:45:24]} Ra4 {[%clk 1:44:25]} 51. Rc2
{[%clk 0:45:12]} Rb4 {[%clk 1:44:47]} 52. Re2 {[%clk 0:45:15]} Rb3
{[%clk 1:43:14]} 53. Rd2 {[%clk 0:44:47]} Be3 {[%clk 1:40:21]} 54. Re2
{[%clk 0:45:06]} Rc3 {[%clk 1:38:09]} 55. Ra2 {[%clk 0:44:49]} Kg7
{[%clk 1:38:03]} 56. Rb2 {[%clk 0:43:43]} Bd4 {[%clk 1:37:18]} 57. Re2
{[%clk 0:44:03]} Rc5 {[%clk 1:37:24]} 58. Rd2 {[%clk 0:43:48]} e5
{[%clk 1:36:50]} 59. fxe5 {[%clk 0:44:09]} Bxe5 {[%clk 1:37:16]} 60. Ra2
{[%clk 0:37:53]} Kh6 {[%clk 1:36:00]} 61. Rd2 {[%clk 0:36:06]} f6
{[%clk 1:34:56]} 62. Ra2 {[%clk 0:36:11]} Rc7 {[%clk 1:34:13]} 63. Rd2
{[%clk 0:35:53]} g5 {[%clk 1:26:49]} 64. hxg5+ {[%clk 0:35:18]} fxg5
{[%clk 1:27:15]} 65. Rd5 {[%clk 0:34:07]} Rc2+ {[%clk 1:26:59]} 66. Kh3
{[%clk 0:32:18]} Bc7 {[%clk 1:27:07]} 67. Rf5 {[%clk 0:29:38]} Rc3
{[%clk 1:25:10]} 68. Rf6+ {[%clk 0:30:00]} Kg7 {[%clk 1:25:38]} 69. Rc6
{[%clk 0:29:16]} g4+ {[%clk 1:26:00]} 0-1

[Event "World Chess Olympiad 2018"]
[Site "Batumi"]
[Date "2018.10.03"]
[Round "9"]
[Board "3"]
[WhiteFideId "16300440"]
[White "Yang Ching Wei Austin"]
[BlackFideId "14700859"]
[Black "Kabilov Amin"]
[Result "0-1"]
[LiveChessVersion "1.4.8"]
[BlackElo "2178"]
[WhiteElo "2198"]

1. e4 {[%clk 1:30:48]} c5 {[%clk 1:30:48]} 2. Nf3 {[%clk 1:31:12]} d6
{[%clk 1:31:06]} 3. d4 {[%clk 1:31:38]} cxd4 {[%clk 1:31:14]} 4. Nxd4
{[%clk 1:32:02]} Nf6 {[%clk 1:31:12]} 5. Nc3 {[%clk 1:32:17]} a6 {[%clk 1:31:16]}
6. Bg5 {[%clk 1:32:30]} e6 {[%clk 1:31:17]} 7. f4 {[%clk 1:32:05]} Be7
{[%clk 1:29:45]} 8. Qf3 {[%clk 1:31:25]} O-O {[%clk 1:30:08]} 9. O-O-O
{[%clk 1:30:47]} Qc7 {[%clk 1:30:15]} 10. g4 {[%clk 1:24:29]} b5 {[%clk 1:27:45]}
11. Bxf6 {[%clk 1:20:00]} Bxf6 {[%clk 1:27:26]} 12. g5 {[%clk 1:20:23]} Bxd4
{[%clk 1:24:22]} 13. Rxd4 {[%clk 1:20:47]} Nc6 {[%clk 1:24:43]} 14. Rd2
{[%clk 1:17:59]} b4 {[%clk 1:17:08]} 15. Nd1 {[%clk 1:05:18]} a5 {[%clk 1:00:26]}
16. Ne3 {[%clk 0:45:34]} b3 {[%clk 0:34:37]} 17. a3 {[%clk 0:40:46]} bxc2
{[%clk 0:34:48]} 18. f5 {[%clk 0:28:26]} Rb8 {[%clk 0:26:46]} 19. Rxc2
{[%clk 0:20:20]} Qb7 {[%clk 0:20:48]} 20. Qd1 {[%clk 0:19:20]} Qb3
{[%clk 0:08:58]} 21. Qd3 {[%clk 0:13:30]} Ne5 {[%clk 0:07:12]} 22. Qxb3
{[%clk 0:07:05]} Rxb3 {[%clk 0:07:35]} 23. Rc3 {[%clk 0:07:26]} Rxc3+
{[%clk 0:07:50]} 24. bxc3 {[%clk 0:07:55]} Bb7 {[%clk 0:08:10]} 25. Bg2
{[%clk 0:08:03]} Nd3+ {[%clk 0:06:49]} 26. Kc2 {[%clk 0:04:20]} Nf2
{[%clk 0:07:03]} 27. Rb1 {[%clk 0:03:55]} Bxe4+ {[%clk 0:07:21]} 28. Bxe4
{[%clk 0:04:23]} Nxe4 {[%clk 0:07:42]} 29. h4 {[%clk 0:04:32]} Rc8
{[%clk 0:06:36]} 30. Kd3 {[%clk 0:04:23]} d5 {[%clk 0:04:18]} 31. c4
{[%clk 0:03:52]} Nc5+ {[%clk 0:04:29]} 32. Kd4 {[%clk 0:03:55]} dxc4
{[%clk 0:04:51]} 33. Nxc4 {[%clk 0:03:41]} exf5 {[%clk 0:04:59]} 34. Nxa5
{[%clk 0:02:20]} Ne6+ {[%clk 0:05:21]} 35. Kd3 {[%clk 0:01:39]} Nf4+
{[%clk 0:04:50]} 36. Kd4 {[%clk 0:01:13]} Ne6+ {[%clk 0:03:46]} 37. Kd3
{[%clk 0:01:34]} g6 {[%clk 0:03:58]} 38. Nc4 {[%clk 0:01:42]} Nf4+
{[%clk 0:04:11]} 39. Kd4 {[%clk 0:01:58]} Ng2 {[%clk 0:04:02]} 40. h5
{[%clk 0:30:54]} Nf4 {[%clk 0:33:13]} 41. hxg6 {[%clk 0:30:01]} Ne6+
{[%clk 0:30:39]} 42. Ke5 {[%clk 0:25:14]} Rxc4 {[%clk 0:19:27]} 43. gxh7+
{[%clk 0:23:19]} Kxh7 {[%clk 0:19:33]} 44. Kf6 {[%clk 0:22:47]} Rc6
{[%clk 0:18:59]} 45. Kxf5 {[%clk 0:16:08]} Kg7 {[%clk 0:19:10]} 46. a4
{[%clk 0:12:44]} Rc5+ {[%clk 0:18:56]} 0-1

[Event "World Chess Olympiad 2018"]
[Site "Batumi"]
[Date "2018.10.03"]
[Round "9"]
[Board "4"]
[WhiteFideId "14700280"]
[White "Karimov Alisher"]
[BlackFideId "16300416"]
[Black "Liu Yeh Yang"]
[Result "1-0"]
[LiveChessVersion "1.4.8"]
[BlackElo "1926"]
[WhiteElo "2182"]

1. e4 {[%clk 1:30:55]} c5 {[%clk 1:30:56]} 2. Nf3 {[%clk 1:31:17]} Nc6
{[%clk 1:31:23]} 3. d4 {[%clk 1:31:38]} cxd4 {[%clk 1:31:49]} 4. Nxd4
{[%clk 1:32:03]} Nf6 {[%clk 1:32:13]} 5. Nc3 {[%clk 1:32:26]} e5 {[%clk 1:32:34]}
6. Ndb5 {[%clk 1:32:26]} d6 {[%clk 1:33:01]} 7. Bg5 {[%clk 1:32:41]} a6
{[%clk 1:33:27]} 8. Na3 {[%clk 1:33:00]} b5 {[%clk 1:33:54]} 9. Nd5
{[%clk 1:33:20]} Be7 {[%clk 1:34:22]} 10. Bxf6 {[%clk 1:33:41]} Bxf6
{[%clk 1:34:48]} 11. c4 {[%clk 1:34:01]} b4 {[%clk 1:35:10]} 12. Nc2
{[%clk 1:34:24]} a5 {[%clk 1:35:29]} 13. g3 {[%clk 1:34:44]} O-O {[%clk 1:35:54]}
14. b3 {[%clk 1:34:58]} Bg5 {[%clk 1:35:17]} 15. Bg2 {[%clk 1:35:14]} Ra7
{[%clk 1:32:58]} 16. O-O {[%clk 1:35:08]} Kh8 {[%clk 1:33:12]} 17. f4
{[%clk 1:29:55]} exf4 {[%clk 1:29:29]} 18. gxf4 {[%clk 1:30:15]} Bf6
{[%clk 1:29:25]} 19. Nxf6 {[%clk 1:15:28]} Qxf6 {[%clk 1:29:53]} 20. Qd5
{[%clk 1:13:38]} Bb7 {[%clk 1:29:12]} 21. Rad1 {[%clk 1:06:56]} Rd8
{[%clk 1:27:33]} 22. Ne3 {[%clk 0:57:34]} h6 {[%clk 1:08:32]} 23. Qf5
{[%clk 0:49:48]} Qe6 {[%clk 1:01:04]} 24. Rd3 {[%clk 0:35:47]} a4
{[%clk 0:40:29]} 25. Qxe6 {[%clk 0:28:53]} fxe6 {[%clk 0:40:57]} 26. Rfd1
{[%clk 0:28:35]} axb3 {[%clk 0:41:17]} 27. axb3 {[%clk 0:29:03]} Raa8
{[%clk 0:40:46]} 28. Rxd6 {[%clk 0:22:24]} Rxd6 {[%clk 0:40:50]} 29. Rxd6
{[%clk 0:22:52]} Ra1+ {[%clk 0:41:17]} 30. Kf2 {[%clk 0:19:50]} Ra2+
{[%clk 0:41:40]} 31. Kf3 {[%clk 0:08:41]} Rb2 {[%clk 0:39:09]} 32. Rd7
{[%clk 0:08:49]} Na5 {[%clk 0:37:51]} 33. Bh3 {[%clk 0:09:01]} Bc6
{[%clk 0:32:40]} 34. Rd8+ {[%clk 0:08:52]} Kh7 {[%clk 0:32:04]} 35. Bxe6
{[%clk 0:09:19]} Nxb3 {[%clk 0:32:05]} 36. Bg8+ {[%clk 0:06:36]} Kg6
{[%clk 0:31:49]} 37. Rd6+ {[%clk 0:02:09]} Kh5 {[%clk 0:32:17]} 38. Kg3
{[%clk 0:01:36]} Bxe4 {[%clk 0:22:07]} 39. Bf7+ {[%clk 0:01:49]} g6
{[%clk 0:22:36]} 40. Bxg6+ {[%clk 0:31:42]} Bxg6 {[%clk 0:53:00]} 41. Ng4
{[%clk 0:32:05]} Rg2+ {[%clk 0:53:07]} 42. Kxg2 {[%clk 0:32:34]} Nc5
{[%clk 0:48:57]} 43. Kh3 {[%clk 0:31:24]} Ne4 {[%clk 0:49:25]} 44. Rd5+
{[%clk 0:31:25]} Ng5+ {[%clk 0:49:25]} 45. fxg5 {[%clk 0:31:29]} hxg5
{[%clk 0:49:48]} 46. Kg3 {[%clk 0:31:31]} b3 {[%clk 0:49:59]} 47. h4
{[%clk 0:31:46]} 1-0

[Event "World Chess Olympiad 2018"]
[Site "Batumi"]
[Date "2018.10.03"]
[Round "9"]
[Board "1"]
[WhiteFideId "6351921"]
[White "Saraci Nderim"]
[BlackFideId "5900328"]
[Black "Constantinou Pavlos"]
[Result "1-0"]
[LiveChessVersion "1.4.8"]
[BlackElo "2114"]
[WhiteElo "2408"]

1. Nf3 {[%clk 1:30:56]} c5 {[%clk 1:30:51]} 2. g3 {[%clk 1:30:43]} g6
{[%clk 1:31:12]} 3. c4 {[%clk 1:30:56]} Bg7 {[%clk 1:31:21]} 4. Bg2
{[%clk 1:31:17]} Nc6 {[%clk 1:31:12]} 5. O-O {[%clk 1:31:30]} d6 {[%clk 1:31:04]}
6. Nc3 {[%clk 1:31:47]} e5 {[%clk 1:31:08]} 7. Ne1 {[%clk 1:30:12]} Be6
{[%clk 1:30:53]} 8. d3 {[%clk 1:30:30]} Nge7 {[%clk 1:31:14]} 9. Nd5
{[%clk 1:28:06]} O-O {[%clk 1:18:39]} 10. Nc2 {[%clk 1:26:59]} Rb8
{[%clk 1:17:07]} 11. a4 {[%clk 1:05:59]} a6 {[%clk 1:17:08]} 12. Nxe7+
{[%clk 0:57:44]} Nxe7 {[%clk 1:16:39]} 13. Ne3 {[%clk 0:40:11]} d5
{[%clk 1:14:28]} 14. cxd5 {[%clk 0:37:20]} Nxd5 {[%clk 1:14:41]} 15. Nxd5
{[%clk 0:35:14]} Bxd5 {[%clk 1:15:03]} 16. Qc2 {[%clk 0:35:16]} Bxg2
{[%clk 1:14:44]} 17. Kxg2 {[%clk 0:35:40]} Qd5+ {[%clk 1:11:33]} 18. e4
{[%clk 0:35:34]} Qc6 {[%clk 1:10:54]} 19. Be3 {[%clk 0:35:25]} Rbc8
{[%clk 1:05:17]} 20. Rfc1 {[%clk 0:31:53]} Rfd8 {[%clk 1:02:55]} 21. Ra3
{[%clk 0:26:02]} Bf8 {[%clk 0:54:15]} 22. Rc3 {[%clk 0:23:04]} b5
{[%clk 0:32:01]} 23. axb5 {[%clk 0:20:10]} Qxb5 {[%clk 0:32:13]} 24. Ra1
{[%clk 0:18:06]} Rb8 {[%clk 0:23:16]} 25. Ra2 {[%clk 0:17:01]} Rdc8
{[%clk 0:21:56]} 26. Bc1 {[%clk 0:12:03]} Rd8 {[%clk 0:21:12]} 27. Raa3
{[%clk 0:10:44]} Rd4 {[%clk 0:18:25]} 28. Be3 {[%clk 0:06:18]} Rb4
{[%clk 0:16:55]} 29. b3 {[%clk 0:06:28]} Rd4 {[%clk 0:15:09]} 30. Bxd4
{[%clk 0:05:05]} cxd4 {[%clk 0:15:34]} 31. Rc8 {[%clk 0:05:28]} Rxc8
{[%clk 0:15:08]} 32. Qxc8 {[%clk 0:05:56]} Qxd3 {[%clk 0:15:30]} 33. Qa8
{[%clk 0:05:59]} Qc2 {[%clk 0:08:48]} 34. Rxa6 {[%clk 0:06:18]} d3
{[%clk 0:08:50]} 35. Ra7 {[%clk 0:04:30]} Qxb3 {[%clk 0:06:54]} 36. Rd7
{[%clk 0:04:30]} d2 {[%clk 0:01:45]} 37. Rxd2 {[%clk 0:04:46]} Kg7
{[%clk 0:02:09]} 38. Qd5 {[%clk 0:04:28]} Qc3 {[%clk 0:02:24]} 39. Rd3
{[%clk 0:04:40]} Qc7 {[%clk 0:02:31]} 40. Rb3 {[%clk 0:34:45]} Qe7
{[%clk 0:32:38]} 41. Rb5 {[%clk 0:34:54]} 1-0

[Event "World Chess Olympiad 2018"]
[Site "Batumi"]
[Date "2018.10.03"]
[Round "9"]
[Board "2"]
[WhiteFideId "5900077"]
[White "Savva Panikos"]
[BlackFideId "937576"]
[Black "Ondozi Murtez"]
[Result "0-1"]
[LiveChessVersion "1.4.8"]
[BlackElo "2402"]
[WhiteElo "2062"]

1. d4 {[%clk 1:30:52]} d5 {[%clk 1:30:54]} 2. c4 {[%clk 1:31:08]} c6
{[%clk 1:31:20]} 3. Nf3 {[%clk 1:31:15]} Nf6 {[%clk 1:31:45]} 4. Qc2
{[%clk 1:30:14]} g6 {[%clk 1:31:38]} 5. Bf4 {[%clk 1:29:36]} Bg7 {[%clk 1:31:27]}
6. e3 {[%clk 1:29:31]} O-O {[%clk 1:31:46]} 7. Nc3 {[%clk 1:29:30]} Na6
{[%clk 1:31:38]} 8. a3 {[%clk 1:26:21]} Nc7 {[%clk 1:30:28]} 9. Bd3
{[%clk 1:26:03]} dxc4 {[%clk 1:30:03]} 10. Bxc4 {[%clk 1:26:17]} Ncd5
{[%clk 1:30:30]} 11. Be5 {[%clk 1:23:10]} Be6 {[%clk 1:27:35]} 12. Bd3
{[%clk 1:15:40]} Bg4 {[%clk 1:26:28]} 13. Be2 {[%clk 1:14:20]} Bf5
{[%clk 1:23:43]} 14. Bd3 {[%clk 1:11:42]} Bg4 {[%clk 1:20:23]} 15. Be2
{[%clk 1:07:58]} Rc8 {[%clk 1:18:19]} 16. O-O {[%clk 1:06:26]} Nxc3
{[%clk 1:17:50]} 17. bxc3 {[%clk 1:05:58]} Qd7 {[%clk 1:16:20]} 18. Bg3
{[%clk 0:55:51]} Bf5 {[%clk 1:12:19]} 19. Bd3 {[%clk 0:55:32]} Bxd3
{[%clk 1:12:32]} 20. Qxd3 {[%clk 0:56:00]} Nh5 {[%clk 1:12:34]} 21. Be5
{[%clk 0:54:57]} f6 {[%clk 1:12:33]} 22. Bg3 {[%clk 0:55:12]} Nxg3
{[%clk 1:12:50]} 23. hxg3 {[%clk 0:55:32]} e5 {[%clk 1:10:48]} 24. Qc4+
{[%clk 0:53:51]} Qd5 {[%clk 1:10:51]} 25. Qa4 {[%clk 0:42:41]} exd4
{[%clk 1:10:14]} 26. cxd4 {[%clk 0:42:18]} a6 {[%clk 1:09:29]} 27. Rab1
{[%clk 0:42:25]} Rf7 {[%clk 1:08:46]} 28. Qb3 {[%clk 0:41:50]} Qxb3
{[%clk 1:07:11]} 29. Rxb3 {[%clk 0:42:18]} Bf8 {[%clk 1:07:32]} 30. a4
{[%clk 0:41:07]} Rd7 {[%clk 1:04:58]} 31. Rfb1 {[%clk 0:40:59]} Rcc7
{[%clk 1:05:21]} 32. R1b2 {[%clk 0:37:19]} b5 {[%clk 1:04:40]} 33. axb5
{[%clk 0:36:14]} cxb5 {[%clk 1:05:08]} 34. Nd2 {[%clk 0:35:26]} Rc6
{[%clk 1:04:21]} 35. Ra2 {[%clk 0:34:34]} Rb7 {[%clk 0:58:46]} 36. Ne4
{[%clk 0:34:05]} Kf7 {[%clk 0:58:51]} 37. Kf1 {[%clk 0:31:23]} Rbc7
{[%clk 0:56:25]} 38. Rbb2 {[%clk 0:29:14]} Ke6 {[%clk 0:55:13]} 39. Nd2
{[%clk 0:25:37]} Kd5 {[%clk 0:52:22]} 40. Nb3 {[%clk 0:55:00]} Bb4
{[%clk 1:19:09]} 41. Ke2 {[%clk 0:51:17]} f5 {[%clk 1:19:01]} 42. f3
{[%clk 0:46:04]} Re7 {[%clk 1:10:22]} 43. Kf2 {[%clk 0:26:17]} Rec7
{[%clk 0:58:27]} 44. Ke2 {[%clk 0:25:27]} Re6 {[%clk 0:58:29]} 45. Rc2
{[%clk 0:18:57]} Rce7 {[%clk 0:58:24]} 46. Kf2 {[%clk 0:17:40]} Rxe3
{[%clk 0:58:17]} 47. Na5 {[%clk 0:17:09]} Be1+ {[%clk 0:58:24]} 48. Kf1
{[%clk 0:17:10]} Bxg3 {[%clk 0:58:21]} 0-1

[Event "World Chess Olympiad 2018"]
[Site "Batumi"]
[Date "2018.10.03"]
[Round "9"]
[Board "3"]
[WhiteFideId "908630"]
[White "Makolli Perparim"]
[BlackFideId "5902355"]
[Black "Damianou Ioannis"]
[Result "1/2-1/2"]
[LiveChessVersion "1.4.8"]
[BlackElo "2008"]
[WhiteElo "2284"]

1. e4 {[%clk 1:30:49]} e5 {[%clk 1:30:46]} 2. Nf3 {[%clk 1:31:08]} Nc6
{[%clk 1:31:07]} 3. Bb5 {[%clk 1:31:07]} a6 {[%clk 1:31:24]} 4. Ba4
{[%clk 1:30:01]} Nf6 {[%clk 1:31:35]} 5. d3 {[%clk 1:29:50]} Bc5 {[%clk 1:28:06]}
6. c3 {[%clk 1:28:47]} b5 {[%clk 1:28:14]} 7. Bb3 {[%clk 1:27:35]} d6
{[%clk 1:27:41]} 8. O-O {[%clk 1:27:31]} O-O {[%clk 1:27:41]} 9. d4
{[%clk 1:16:30]} Ba7 {[%clk 1:25:12]} 10. h3 {[%clk 1:13:57]} h6 {[%clk 1:22:28]}
11. Re1 {[%clk 1:11:13]} Bb7 {[%clk 1:20:36]} 12. d5 {[%clk 1:08:48]} Ne7
{[%clk 1:18:07]} 13. Be3 {[%clk 1:00:36]} Bxe3 {[%clk 1:10:15]} 14. Rxe3
{[%clk 1:00:52]} c6 {[%clk 1:07:28]} 15. dxc6 {[%clk 0:59:14]} Bxc6
{[%clk 1:07:44]} 16. Nbd2 {[%clk 0:58:14]} Ng6 {[%clk 1:03:22]} 17. Qc2
{[%clk 0:51:59]} Re8 {[%clk 0:57:24]} 18. Rae1 {[%clk 0:46:55]} Qb6
{[%clk 0:52:55]} 19. Nf1 {[%clk 0:44:18]} Nf4 {[%clk 0:51:43]} 20. Ng3
{[%clk 0:41:22]} g6 {[%clk 0:51:51]} 21. Rd1 {[%clk 0:39:42]} Rad8
{[%clk 0:51:07]} 22. Ree1 {[%clk 0:34:32]} Kg7 {[%clk 0:51:01]} 23. Rd2
{[%clk 0:32:03]} Qb7 {[%clk 0:49:47]} 24. Qb1 {[%clk 0:31:04]} b4
{[%clk 0:41:30]} 25. c4 {[%clk 0:29:31]} Ne6 {[%clk 0:40:22]} 26. Bc2
{[%clk 0:29:23]} Nc5 {[%clk 0:38:32]} 27. b3 {[%clk 0:29:36]} a5 {[%clk 0:37:54]}
28. Nh2 {[%clk 0:28:15]} Re7 {[%clk 0:31:53]} 29. f3 {[%clk 0:28:03]} Ne6
{[%clk 0:28:12]} 30. Kh1 {[%clk 0:27:46]} Nd4 {[%clk 0:26:26]} 31. Ne2
{[%clk 0:27:46]} Nxe2 {[%clk 0:26:23]} 32. Rdxe2 {[%clk 0:27:49]} Nd7
{[%clk 0:23:49]} 33. Qc1 {[%clk 0:27:26]} h5 {[%clk 0:23:38]} 34. Nf1
{[%clk 0:20:58]} Nc5 {[%clk 0:22:58]} 35. Qg5 {[%clk 0:18:51]} Ne6
{[%clk 0:21:09]} 36. Qh4 {[%clk 0:19:03]} Ree8 {[%clk 0:19:55]} 37. Rd2
{[%clk 0:18:51]} Qe7 {[%clk 0:18:13]} 38. Qf2 {[%clk 0:18:50]} Nc5
{[%clk 0:14:11]} 39. Ne3 {[%clk 0:18:01]} Rd7 {[%clk 0:12:31]} 40. Rg1
{[%clk 0:48:07]} Red8 {[%clk 0:38:03]} 41. Qe1 {[%clk 0:46:25]} Qf6
{[%clk 0:36:42]} 42. Qa1 {[%clk 0:45:35]} Ra8 {[%clk 0:33:43]} 43. Qb2
{[%clk 0:45:37]} Ne6 {[%clk 0:33:21]} 44. Bd1 {[%clk 0:41:00]} Nd4
{[%clk 0:33:02]} 45. Nc2 {[%clk 0:40:46]} Ne6 {[%clk 0:26:23]} 46. Be2
{[%clk 0:37:33]} Qe7 {[%clk 0:25:44]} 47. Rgd1 {[%clk 0:37:27]} Rad8
{[%clk 0:25:37]} 48. a3 {[%clk 0:33:08]} Rb8 {[%clk 0:25:54]} 49. axb4
{[%clk 0:33:28]} axb4 {[%clk 0:26:19]} 50. Rxd6 {[%clk 0:30:53]} f6
{[%clk 0:19:39]} 51. Rxd7 {[%clk 0:30:09]} Bxd7 {[%clk 0:20:03]} 52. Qa1
{[%clk 0:27:42]} Bc6 {[%clk 0:18:51]} 53. Qa5 {[%clk 0:25:09]} Qc5
{[%clk 0:18:16]} 54. Ra1 {[%clk 0:21:50]} Ra8 {[%clk 0:17:05]} 55. Qxc5
{[%clk 0:22:15]} Rxa1+ {[%clk 0:17:23]} 56. Qg1 {[%clk 0:22:33]} Rxg1+
{[%clk 0:17:35]} 57. Kxg1 {[%clk 0:22:57]} Nd4 {[%clk 0:15:41]} 58. Nxd4
{[%clk 0:21:46]} exd4 {[%clk 0:16:06]} 59. Kf2 {[%clk 0:18:44]} h4
{[%clk 0:15:34]} 60. Bd3 {[%clk 0:17:01]} Kf7 {[%clk 0:14:31]} 61. c5
{[%clk 0:15:54]} Ke6 {[%clk 0:14:09]} 62. f4 {[%clk 0:15:48]} g5 {[%clk 0:12:57]}
63. Bc4+ {[%clk 0:15:25]} Ke7 {[%clk 0:13:17]} 64. fxg5 {[%clk 0:15:36]} fxg5
{[%clk 0:13:28]} 65. Bd5 {[%clk 0:15:55]} Bb5 {[%clk 0:12:20]} 66. e5
{[%clk 0:13:39]} Bd3 {[%clk 0:11:31]} 67. Kf3 {[%clk 0:11:50]} Bf5
{[%clk 0:11:55]} 68. Ke2 {[%clk 0:11:38]} Kd7 {[%clk 0:11:19]} 69. Kd2
{[%clk 0:11:45]} Bg6 {[%clk 0:10:05]} 70. Ke2 {[%clk 0:11:50]} Bc2
{[%clk 0:09:50]} 71. Kd2 {[%clk 0:11:11]} Bf5 {[%clk 0:10:05]} 72. Bf7
{[%clk 0:10:39]} Be4 {[%clk 0:09:43]} 73. Bh5 {[%clk 0:10:37]} Ke6
{[%clk 0:09:16]} 74. Bf3 {[%clk 0:10:32]} Bxf3 {[%clk 0:07:02]} 75. gxf3
{[%clk 0:10:57]} Kxe5 {[%clk 0:07:29]} 76. Kd3 {[%clk 0:11:05]} Kd5
{[%clk 0:07:51]} 77. c6 {[%clk 0:06:25]} Kxc6 {[%clk 0:08:17]} 78. Kxd4
{[%clk 0:06:51]} 1/2-1/2

[Event "World Chess Olympiad 2018"]
[Site "Batumi"]
[Date "2018.10.03"]
[Round "9"]
[Board "4"]
[WhiteFideId "5900360"]
[White "Georgiou Andreas"]
[BlackFideId "22100199"]
[Black "Uruci Endrit"]
[Result "0-1"]
[LiveChessVersion "1.4.8"]
[BlackElo "2157"]
[WhiteElo "1868"]

1. d4 {[%clk 1:30:55]} Nf6 {[%clk 1:30:42]} 2. c4 {[%clk 1:31:20]} e6
{[%clk 1:30:57]} 3. Nf3 {[%clk 1:31:44]} b6 {[%clk 1:31:14]} 4. g3
{[%clk 1:32:10]} Bb7 {[%clk 1:30:56]} 5. Bg2 {[%clk 1:32:35]} c5 {[%clk 1:31:19]}
6. d5 {[%clk 1:31:19]} exd5 {[%clk 1:31:05]} 7. Ng5 {[%clk 1:31:03]} Ne4
{[%clk 1:28:10]} 8. Nxe4 {[%clk 1:28:41]} dxe4 {[%clk 1:28:31]} 9. Nc3
{[%clk 1:28:57]} f5 {[%clk 1:24:03]} 10. Bf4 {[%clk 1:29:09]} a6 {[%clk 1:16:58]}
11. Nd5 {[%clk 1:28:56]} d6 {[%clk 1:16:58]} 12. Qd2 {[%clk 1:27:08]} Nc6
{[%clk 1:07:05]} 13. Rd1 {[%clk 1:24:15]} Nd4 {[%clk 0:55:12]} 14. Bg5
{[%clk 1:20:54]} Qb8 {[%clk 0:55:24]} 15. Nxb6 {[%clk 1:18:59]} Ra7
{[%clk 0:55:46]} 16. O-O {[%clk 1:16:21]} Bc6 {[%clk 0:45:35]} 17. Nd5
{[%clk 1:14:31]} Bxd5 {[%clk 0:44:24]} 18. cxd5 {[%clk 1:14:58]} Be7
{[%clk 0:44:48]} 19. Bxe7 {[%clk 1:10:54]} Rxe7 {[%clk 0:45:06]} 20. e3
{[%clk 1:11:20]} Nf3+ {[%clk 0:36:58]} 21. Bxf3 {[%clk 1:11:44]} exf3
{[%clk 0:37:24]} 22. Rc1 {[%clk 1:09:34]} O-O {[%clk 0:37:27]} 23. Qd1
{[%clk 1:09:02]} Qxb2 {[%clk 0:37:16]} 24. Qxf3 {[%clk 1:09:27]} Re4
{[%clk 0:36:56]} 25. Qd1 {[%clk 1:06:29]} Qxa2 {[%clk 0:34:52]} 26. Qd3
{[%clk 1:05:39]} Qa4 {[%clk 0:30:22]} 27. Ra1 {[%clk 1:01:49]} Qb5
{[%clk 0:30:45]} 28. Qa3 {[%clk 0:58:02]} Ra8 {[%clk 0:30:48]} 29. f3
{[%clk 0:51:23]} Rb4 {[%clk 0:30:05]} 30. e4 {[%clk 0:47:57]} Rb2
{[%clk 0:25:26]} 31. Rae1 {[%clk 0:47:01]} Qb4 {[%clk 0:23:03]} 32. Qe3
{[%clk 0:45:02]} Qd2 {[%clk 0:22:06]} 33. Qxd2 {[%clk 0:42:32]} Rxd2
{[%clk 0:22:28]} 34. e5 {[%clk 0:42:25]} Rxd5 {[%clk 0:22:13]} 35. e6
{[%clk 0:40:45]} Re8 {[%clk 0:21:55]} 36. f4 {[%clk 0:41:08]} g6 {[%clk 0:21:59]}
37. Rf2 {[%clk 0:40:44]} Rd4 {[%clk 0:22:09]} 38. Ra2 {[%clk 0:39:56]} Re4
{[%clk 0:22:30]} 39. Rb1 {[%clk 0:40:14]} R4xe6 {[%clk 0:22:06]} 40. Rb6
{[%clk 1:07:45]} d5 {[%clk 0:52:26]} 41. Rb7 {[%clk 1:05:04]} R8e7
{[%clk 0:48:19]} 42. Rb8+ {[%clk 1:04:37]} Kg7 {[%clk 0:48:39]} 43. Rab2
{[%clk 1:03:47]} Re2 {[%clk 0:48:02]} 44. R2b6 {[%clk 1:03:19]} Re1+
{[%clk 0:46:59]} 45. Kf2 {[%clk 1:00:43]} R7e2+ {[%clk 0:47:08]} 46. Kf3
{[%clk 1:00:52]} d4 {[%clk 0:47:33]} 47. R6b7+ {[%clk 0:59:11]} Re7
{[%clk 0:47:25]} 48. Rb6 {[%clk 0:56:47]} R1e2 {[%clk 0:47:34]} 49. R8b7
{[%clk 0:56:35]} d3 {[%clk 0:46:14]} 50. Rxe7+ {[%clk 0:50:39]} Rxe7
{[%clk 0:46:36]} 51. Rxa6 {[%clk 0:45:22]} c4 {[%clk 0:46:47]} 52. Rd6
{[%clk 0:45:08]} Rc7 {[%clk 0:47:15]} 0-1